| 000 | 00670cam a22002297a 4500 | ||
|---|---|---|---|
| 001 | 001962 | ||
| 003 | armpunfd | ||
| 005 | 20140612090654.0 | ||
| 008 | 060526e0####xx#a##########000#0#und#d | ||
| 040 |
_aarmpunfd _carmpunfd |
||
| 080 | _a347.736 N 284 | ||
| 100 | 1 | 0 | _a Nedel, Oscar |
| 245 | 1 | 0 | _aGrafica concursal : ley de concursos y quiebras |
| 260 |
_a Uenos Aires : La Ley _b2005. Isbn : 987-03-0587-3. 750 P. |
||
| 650 | 7 |
_a Concurso Preventivo Y Quiebra _2LEMB |
|
| 650 | 7 |
_a Grafica Concursal _2LEMB |
|
| 650 | 7 |
_a Ley 25.284 _2LEMB |
|
| 650 | 7 |
_a Sindicacion _2LEMB |
|
| 650 | 7 |
_a Sindico _2LEMB |
|
| 942 |
_cLB _2cdu |
||
| 945 |
_aCatalis _d2010-08-19 |
||
| 999 |
_c1953 _d232457 |
||